LEGO Marvel Minifigures - Statistics

General Stats
  • This quiz has been taken 206 times
  • The average score is 68 of 182
Answer Stats
Type Apperances Sets' numbers / Items Minifigures % Correct
Minifigure 40 6867, 6869, 40334, 76006, 76007, 76008, 76029, 76031, 76032, 76038, 76042, 76048, 76049, 76051, 76072, 76077, 76083, 76105, 76107, 76108, 76125, 76131, 76140, 76152, 76153, 76164, 76166, 76167, 76170, 76190, 76192, 76194, 76237, Advent Calendar 2020, 2xPolybag, Magazine, Limited Edition Minifigure Pack, Toy Fair 2012 Exclusive, Keychain, LEGO Videogame Limited Edition Iron Man / Tony Stark
98%
Minifigure 25 6865, 30447, 76017, 76032, 76041, 76042, 76048, 76049, 76051, 76047, 76048, 76065, 76067, 76076, 76101, 76123, 76143, 76168, 76189, 76192, 76201, Magazine, Toy Fair 2012 Exclusive, Comic-Con 2016 Exclusive, Keychain Captain America / Steve Rogers
92%
Minifigure 13 6868, 76018, 76031, 76041, 76066, 76078, 76088, 76131, 76144, 76152, 2x Polybag, Keychain Hulk
92%
Minifigure 5 76036, 76113, 76171, 76178, Sony PS 2020 Exclusive Spider-Man / Miles Morales
92%
Minifigure 2 Comic-Con 2015 Exclusive, Marvel Minifigures series 1 Captain America / Sam Wilson
91%
Minifigure 54 6873, 10754, 30451, 40343, 40454, 76004, 76005, 76014, 76015, 76016, 76029, 76037, 76057, 76058, 76059, 76064, 76067, 76071, 76078, 76082, 76083, 76108, 76113, 76114, 76115, 76128, 76130, 76133, 76134, 76146, 76147, 76148, 76149, 76150, 76151, 76163, 76172, 76173, 76174, 76175, 76178, 76184, 76185, 76195, 76198, Advent Calendar 2020, 4x Polybag, Comic-Con 2012 Exclusive, Comic-Con 2013 Exclusive, Comic-Con 2019 Exclusive, Keychain Spider-Man / Peter Parker / Iron Spider
91%
Minifigure 21 6868, 6869, 30163, 76018, 76030, 76038, 76084, 76088, 76091, 76102, 76126, 76142, 76152, 76153, 76169, 76192, 76193, 76200, Advent Calendar 2020, Magazine, Keychain Thor
90%
Minifigure 14 6869, 40418, 76032, 76042, 76050, 76101, 76126, 76144, 76153, 76162, 76166, Advent Calendar 2020, Comic-Con 2020 Exclusive, Keychain Black Widow
89%
Minifigure 9 6867, 6868, 76030, 76042, 76067, 76126, 76143, Polybag, Keychain Hawkeye / Clint Barton
83%
Minifigure 8 6867, 6868, 6869, 76088, 76091, 76152, Marvel Minifigures series 1, Keychain Loki
78%
Minifigure 4 76031, 76051, 76192, Marvel Minifigures series 1 Scarlet Witch / Wanda Maximoff
75%
Minifigure 10 76049, 76072, 76107, 76131, 76141, 76170, 76192, 76237, Advent Calendar 2020, Keychain Thanos
75%
Minifigure 5 76047, 76051, Marvel Minifigures series 1, Polybag, Limited Edition Minifigure Pack Winter Soldier / Bucky Barnes
75%
Minifigure 7 76100, 76047, 76103, 76142, 76186, 76192, 76099, Keychain Black Panther / T'Challa
74%
Minifigure 1 76039 Ant-Man / Hank Pym
73%
Minifigure 6 76039, 76051, 76109, 76124, 76131, 76192 Ant-Man / Scott Lang
72%
Minifigure 9 40454, 76004, 76115, 76150, 76151, 76175, 76178, Magazine, Keychain Venom
72%
Minifigure 3 6866, 76022, 76073 Wolverine
72%
Minifigure 6 76016, 76057, 76064, 76133, 76175, 76178 Green Goblin
71%
Minifigure 1 Marvel Minifigures series 1 Star-Lord / T'Challa
71%
Minifigure 7 30453, 76004, 76127, 76130, 76042, 76153, 76184 Nick Fury
70%
Minifigure 8 76019, 76021, 76080, 76081, 76090, 76107, 76193, Keychain Star-Lord / Peter Quill
70%
Minifigure 6 76020, 76080, 76081, 76102, 76193, Keychain Groot
69%
Minifigure 2 75109, 75997 The Wasp / Hope van Dyne
69%
Minifigure 3 76060, 76108, 76185 Doctor Strange
68%
Minifigure 4 40418, 76018, 76050, 76104 Falcon / Sam Wilson
68%
Minifigure 4 76021, 76081, 76107, Marvel Minifigures series 1 Gamora
68%
Minifigure 8 76020, 76079, 76102, 76126, 76193, Polybag, Comic Con 2014 Exclusive, Keychain Rocket Raccoon
68%
Minifigure 2 6866, Comic-Con 2018 Exclusive Deadpool
65%
Minifigure 2 76021, 76081 Drax
64%
Minifigure 7 76006, 76051, 76124, 76153, 2x Polybag, Limited Edition Minifigure Pack War Machine / Iron Patriot / Rhodes
64%
Minifigure 8 6873, 76015, 76059, 76134, 76148, 76174, 76178, 76198 Doctor Octopus
63%
Minifigure 9 30453, 76049, 76127, 76131, 76152, 76153, 76237, Magazine, Comic-Con 2019 Exclusive, Keychain Captain Marvel
62%
Minifigure 1 76022 Cyclops
61%
Minifigure 1 76041 Quicksilver
60%
Minifigure 4 76032, 76067, 76103, Marvel Minifigures series 1 Vision
60%
Minifigure 5 76036, 76113, 76163, 76173, 76178 Carnage
59%
Minifigure 3 6866, 76022, 76073 Magneto
59%
Minifigure 6 76029, 76031, 76032, 76038, 76066, Comic-Con 2015 Exclusive Ultron
59%
Minifigure 4 76115, 76149, 76174, 76178 Ghost Spider / Spider-Gwen / Gwen Stacy
58%
Minifigure 2 76103, 76186 Shuri
57%
Minifigure 7 76128, 76129, 76130, 76149, 76174, 76178, 76184 Mysterio
56%
Minifigure 4 76007, 76144, 76164, 76190 Pepper Potts / Rescue
56%
Minifigure 1 76022 Storm
56%
Minifigure 5 76037, 76172, 76178, 76089, 76114 Sandman
55%
Minifigure 1 76078 Red Hulk
54%
Minifigure 5 76017, 76048, 76065, 76166, 76201 Red Skull
53%
Minifigure 2 76014, Polybag Electro
52%
Minifigure 1 76109 Ghost
52%
Minifigure 2 76129, 76185 MJ / Michelle Jones
52%
Minifigure 1 76078 She-Hulk
52%
Minifigure 2 76079, 76193 Mantis
51%
Minifigure 4 76020, 76081, 76090, 76131 Nebula
51%
Minifigure 1 Comic-Con 2012 Exclusive Jean Grey / Phoenix
50%
Minifigure 1 76178 Daredevil
48%
Minifigure 2 76099, 76100 Killmonger
48%
Minifigure 2 40343, 76042 Maria Hill
48%
Buildable 2 76018, 76153 MODOK
48%
Minifigure 2 76185, Limited Edition Minifigure Pack Wong
48%
Minifigure 1 76076 Ms Marvel / Kamala Khan
47%
Minifigure 1 76005 Nova
47%
Minifigure 1 76099 Okoye
46%
Minifigure 1 76108 Ebony Maw
45%
Minifigure 5 76059, 76083, 76114, 76147, 76195 Vulture
45%
Minifigure 1 6873 Iron Fist
44%
Minifigure 3 76057, 76115, 76178 Aunt May
43%
Minifigure 1 76060 The Ancient One
43%
Minifigure 2 76007, 76008 The Mandarin / Trevor Slattery
43%
Minifigure 1 76077 Agent Coulson
42%
Minifigure 1 76037 Rhino
42%
Minifigure 1 76039 Yellowjacket
42%
Minifigure 1 76104 Proxima Midnight
41%
Minifigure 1 76005 Doctor Doom
40%
Minifigure 1 76058 Ghost Rider / Johnny Blaze
40%
Minifigure 1 76173 Ghost Rider / Robbie Reyes
40%
Minifigure 2 76005, 76178 J. Jonah Jameson
40%
Minifigure 3 76018, 76162, Comic-Con 2020 Exclusive Taskmaster
40%
Minifigure 1 76084 Hela
39%
Minifigure 1 76016 Power Man / Luke Cage
39%
Minifigure 1 76078 Red She-Hulk
39%
Minifigure 3 76176, 76177, Polybag Shang Chi
39%
Minifigure 2 76084, 76194 Valkyrie
39%
Minifigure 5 76017, 76030, 76041, 76048, 76189, HYDRA Agent
38%
Minifigure 1 Comic-Con 2013 Exclusive Spider-Woman
38%
Minifigure 1 76057 Kraven the Hunter
37%
Minifigure 1 76190 Obadiah Stane / Iron Monger
35%
Minifigure 2 76151, 76178 Spider-Ham
35%
Minifigure 1 76178 The Punisher
35%
Minifigure 1 76080 Yondu
35%
Minifigure 1 76006 Aldrich Killian
34%
Minifigure 1 76103 Corvus Glaive
34%
Minifigure 1 76108 Cull Obsidian
34%
Minifigure 1 Polybag Giant-Man / Hank Pym
34%
Minifigure 1 76088 Grandmaster
34%
Minifigure 3 10754, 76057, 76071 Scorpion
32%
Minifigure 1 76005 Beetle
31%
Minifigure 1 76178 Blade
31%
Minifigure 1 76083 The Shocker
31%
Minifigure 1 76051 Agent 13 / Sharon Carter
30%
Minifigure 1 76178 Black Cat
30%
Minifigure 1 76060 Mordo
30%
Minifigure 1 Marvel Minifigures series 1 Sylvie
30%
Minifigure 1 Comic-Con 2014 Exclusive The Collector
30%
Minifigure 1 76200 Korg
28%
Minifigure 7 6865, 6869, 76126, 76144, 76186, 76192, 76193 Chitauri
27%
Minifigure 1 76130 Happy Hogan
27%
Minifigure 1 76058 Hobgoblin
27%
Minifigure 1 40343 Ned Leeds
27%
Minifigure 1 76059 White Tiger
27%
Minifigure 2 76057, 76148 Spider-Girl
26%
Minifigure 2 76201, Marvel Minifigures series 1 Captain Carter
25%
Minifigure 1 76050 Crossbones
25%
Minifigure 1 Marvel Minifigures series 1 Monica Rambeau
25%
Minifigure 1 76100 Nakia
25%
Minifigure 3 76145, 76155, 76156 Ikaris
24%
Minifigure 1 Comic-Con 2020 Exclusive Red Guardian
24%
Minifigure 1 76021 Ronan The Accuser
24%
Minifigure 2 76036, 76042 SHIELD Agent
24%
Minifigure 1 76129 Hydro-Man
23%
Minifigure 1 76077 Justin Hammer / Detroit Steel
23%
Minifigure 2 76057, 76089 Scarlet Spider
23%
Minifigure 1 76162 Yelena Belova
23%
Minifigure 2 76084, 76104 Bruce Banner
22%
Minifigure 2 76155, 76156 Sersi
21%
Minifigure 6 40418, 76142, 76143, 76164, 76166, 76167 AIM Agent
20%
Minifigure 1 76080 Ayesha
20%
Minifigure 1 76154 Gilgamesh
20%
Buildable 1 76022 Sentinel
20%
Minifigure 1 76145 Sprite
20%
Minifigure 1 76079 Taserface
20%
Minifigure 2 76154, 76156 Thena
20%
Minifigure 1 76155 Ajak
19%
Minifigure 1 76178 Betty Brant
17%
Minifigure 1 76156 Druig
17%
Minifigure 1 76200 Miek
17%
Minifigure 1 76007 Extremis Soldier
16%
Buildable 4 76031, 76104, 76105, 76164 Hulkbuster
16%
Minifigure 1 76049 Hyperion
16%
Minifigure 1 San Diego Comic-Con 2019 Maria Rambeau
16%
Minifigure 1 76016 Mary Jane Watson
16%
Minifigure 1 76150 Spider-Man Noir
16%
Minifigure 1 76076 Talos
16%
Minifigure 1 Marvel Minifigures series 1 Zombie Captain America
16%
Minifigure 1 76128 Firefighter
15%
Minifigure 1 76178 Firestar
15%
Minifigure 1 76176 Katy
15%
Minifigure 1 76155 Kingo
15%
Minifigure 2 76154, 76156 Makkari
15%
Buildable 1 76128 Molten Man
15%
Minifigure 1 76059 Captain Stacy
14%
Minifigure 1 76038 Iron Legion / JARVIS
14%
Minifigure 7 76101, 76103, 76104, 76123, 76124, 76125, 76131 Outrider
14%
Minifigure 1 76156 Phastos
13%
Minifigure 1 76100 Ulysses Klaue
13%
Buildable 1 76155 Arishem / Celestial
11%
Minifigure 1 76178 Ben Urich
11%
Minifigure 1 Comic-Con 2017 Exclusive Deadpool Duck
11%
Minifigure 1 76177 Death Dealer
11%
Minifigure 2 76176, 76177 Wenwu
11%
Minifigure 1 76076 Super-Adaptoid
10%
Minifigure 1 76176 Razor Fist
9%
Minifigure 1 76178 Robbie Robertson
8%
Minifigure 1 76177 Xialing
8%
Minifigure 1 76178 Amber Grant
7%
Minifigure 1 76178 Bernie the Cab Driver
7%
Minifigure 1 76084 Berserker
7%
Buildable 1 76084 Fenrir
7%
Minifigure 2 40454, 76163 Iron Venom
7%
Minifigure 3 76019, 76020, 76021 The Sakaaran
7%
Minifigure 1 76194 The Watcher
7%
Buildable 4 76145, 76154, 76155, 76156 Deviant
6%
Buildable 2 76177, Polybag Great Protector
6%
Minifigure 1 Marvel Minifigures series 1 Throg
6%
Minifigure 1 76134 Dock Worker
5%
Minifigure 2 76176, 76177 Morris
5%
Minifigure 2 76015, 76147 Armored Truck Driver
3%
Minifigure 1 76019 Nova Corps Officer
3%
Minifigure 1 76178 Ron Barney
3%
Minifigure 1 40454 Pork Grind
2%
Minifigure 1 76088 Sakaarian Guard
2%
Minifigure 1 Marvel Minifigures series 1 Spiderman Sorcerer Supreme
2%
Minifigure 1 76082 Masked Robber
1%
No matching quizzes found
Score Distribution
Percent of People with Each Score
Percentile by Number Answered
Your Score History
You have not taken this quiz